Educación popular /
Guardado en:
| Autor Principal: | |
|---|---|
| Otros Autores: | , |
| Formato: | Libro |
| Publicado: |
La Plata: Unipe: Editorial Universitaria,
2011
|
| Materias: | |
| Etiquetas: |
Agregar Etiqueta
Sin Etiquetas, Sea el primero en etiquetar este registro!
|
| LEADER | 00764nam a22002295a 4500 | ||
|---|---|---|---|
| 001 | CEM.cems013844 | ||
| 008 | 130507s2011##################000#0#####d | ||
| 005 | 20210705085311.0 | ||
| 003 | CEMS | ||
| 245 | 1 | 0 | |a Educación popular / |c Domingo Faustino Sarmiento; con Presentaciónde Juan Carlos Tedesco E Ivana Zacarías |
| 260 | |a La Plata: Unipe: Editorial Universitaria, |c 2011 | ||
| 300 | |a 320 p. | ||
| 590 | |a 1019.013 | ||
| 020 | |a 9789872646868 | ||
| 100 | 1 | |a Sarmiento, Domingo Faustino | |
| 700 | 1 | |a Tedesco, Juan Carlos, present. | |
| 700 | 1 | |a Zacarías, Ivana, present. | |
| 653 | |a Educación | ||
| 653 | |a Educación argentina | ||
| 653 | |a Historia de la educación argentina | ||
| 653 | |a Biblioteca TC | ||
| 859 | |a CEMS |b BIB. CEMS - 11 de abril |h TC |p 1019.013 |t Ej.1 | ||
